000 00845nam a22003017a 4500
001 BR9301162
003 BR-BrBNA
005 20230928093837.0
007 ta
008 230509b bl.||||| |||| 00| 0 por d
040 _aBR-BrBNA
_bpor
_cBiblioteca Nacional de Agricultura
041 _a(Por)
072 _aK10; E70
_b2480
090 _ 2480 BR9301162
110 1 _aSuperintendencia da Borracha, Brasilia, DF (Brasil)
_910009
245 1 _aAtividades da Superintendencia da Borracha. Sinopse - 1980
260 3 _aBrasilia, DF (Brasil):
_c[nd].
300 _a12 p.
500 _aPublished after 1980
650 _aSeringueira
650 _aBorracha
650 _aComercio Interno
650 _aComercio Exterior
650 _aPratica Cultural
650 _aArmazenamento
909 _a202309
_bLucia
_c55
_dLucia Elande
942 _cBK
999 _c47446
_d47446